Slovene names of towns in neighbouring countries - Statistics

General Stats
  • This quiz has been taken 20 times
  • The average score is 12 of 36
Answer Stats
Hint Answer % Correct
Budimpešta Budapest
82%
Trst Trieste
82%
Reka Rijeka
76%
Pulj Pula
71%
Dunaj Wien
71%
Gradec Graz
65%
Rim Roma
65%
Gorica Gorizia
59%
Neapelj Napoli
53%
Beljak Villach
53%
Dunajsko Novo Mesto Wiener Neustadt
53%
Celovec Klagenfurt am Wörthersee
41%
Benetke Venezia
41%
Treviž Treviso
35%
Videm Udine
35%
Bocen Bolzano
29%
Špital ob Dravi Spittal an der Drau
29%
Lipnica Leibnitz
24%
Lentiba Lenti
24%
Tržič Monfalcone
24%
Kiseg Kőszeg
18%
Velika Kaniža Nagykanizsa
18%
Sombotel Szombathely
18%
Trbiž Tarvisio
18%
Jageršek Zalaegerszeg
18%
Radgona Bad Radkersburg
12%
Čedad Cividale del Friuli
12%
Železno Eisenstadt
12%
Monošter Szentgotthárd
12%
Volšperk Wolfsberg
12%
Ženavci Jennersdorf
6%
Letina Letenye
6%
Tolmeč Tolmezzo
6%
Vrba na Koroškem Velden am Wörthersee
6%
Vrbna Feldbach
0%
Velikovec Völkermarkt
0%
No matching quizzes found
Score Distribution
Percent of People with Each Score
Percentile by Number Answered
Your Score History
You have not taken this quiz